Welcome to the Holygrace Academy Library

Please use search bar below to get started

THE THREE FRIENDS (Record no. 7354)

MARC details
000 -LEADER
fixed length control field 00256nam a22001217a 4500
082 ## - DEWEY DECIMAL CLASSIFICATION NUMBER
Classification number 823
Item number VER/T
100 ## - MAIN ENTRY--AUTHOR NAME
Personal name THOMAS, VERNON
245 ## - TITLE STATEMENT
Title THE THREE FRIENDS
260 ## - PUBLICATION, DISTRIBUTION, ETC. (IMPRINT)
Place of publication MUMBAI
Name of publisher B-Y-S
Year of publication 1996
300 ## - PHYSICAL DESCRIPTION
Number of Pages 44
650 ## - SUBJECT ADDED ENTRY--TOPICAL TERM
Topical Term ENGLISH STORY
Geographic subdivision INDIA
942 ## - ADDED ENTRY ELEMENTS (KOHA)
Koha item type Books
Holdings
Withdrawn status Lost status Collection code Home library Current library Date acquired Source of acquisition Cost, normal purchase price Full call number Accession Number Koha item type
Withdrawn Damaged Item Fiction Main Library Main Library 02/03/2006 purchase 12.00 823 VER/T 00352 Books
Withdrawn Damaged Item Fiction Main Library Main Library 02/03/2008 purchase 12.00 823 VER/T 00354 Books